LDR 01132naa#a2200217#i#450# 001 RU\\bibl\117802 005 20260603095538.3 011 ## _a2500-4026 100 ## _a20240329b2024####ek#y0rusy0150####ca 101 0# _aRUS 102 ## _aRU 200 1# _aПОДХОДЫ К ОЦЕНКЕ ДЕЯТЕЛЬНОСТИ НАУЧНО-ПЕДАГОГИЧЕСКОГО СОСТАВА ПРИ РАБОТЕ В ОБРАЗОВАТЕЛЬНОЙ ОРГАНИЗАЦИИ ВЫСШЕГО ОБРАЗОВАНИЯ _eЖурнальная статья 210 1# _aЖелезногорск _cФГБОУ ВО Сибирская пожарно-спасательная академия ГПС МЧС России _d2024 215 ## _a12 с. 608 ## _aЖурнальная статья _2local 675 ## _aДопуск к преподаванию. Назначение на должность. Выборы на должность. Присвоение звания. 378.124.082 _zRUS 700 #1 _aСкрипник _gИ Л 700 #1 _aСавельев _gД В 700 #1 _aКаверзнева _gТ Т 700 #1 _aМамонтова _gИ О 856 4# _avestnik-sibpsa.editorum.ru _u